The income approach to property valuation (Record no. 116114)
[ view plain ]
| 000 -LEADER | |
|---|---|
| fixed length control field | 01632cam a22003375a 4500 |
| 001 - CONTROL NUMBER | |
| control field | L159801 |
| 008 - FIXED-LENGTH DATA ELEMENTS--GENERAL INFORMATION | |
| fixed length control field | 180115s201 xxk f 001 0 eng d |
| 020 ## - INTERNATIONAL STANDARD BOOK NUMBER | |
| International Standard Book Number | 9781138639638 |
| 035 ## - SYSTEM CONTROL NUMBER | |
| System control number | (Sirsi) u159801 |
| 041 0# - LANGUAGE CODE | |
| Language code of text/sound track or separate title | eng |
| 050 04 - LIBRARY OF CONGRESS CALL NUMBER | |
| Classification number | 332.332 $2 18 |
| 100 1# - MAIN ENTRY--PERSONAL NAME | |
| Personal name | Baum, Andrew |
| 245 04 - TITLE STATEMENT | |
| Title | The income approach to property valuation |
| 250 ## - EDITION STATEMENT | |
| Edition statement | 7th ed |
| 260 ## - PUBLICATION, DISTRIBUTION, ETC. | |
| Place of publication, distribution, etc. | Abingdon |
| -- | outledge |
| Date of publication, distribution, etc. | 2018. |
| 300 ## - PHYSICAL DESCRIPTION | |
| Extent | xv, tables 386 $2 3cm. |
| 520 ## - SUMMARY, ETC. | |
| Summary, etc. | Considers the global requirements for the professional valuation of real estate and the global frameworks within which valuers operate including RICS Valuation - Global Standards 2017. Looks at the key regulatory and legal factors that may affect the market value of property and the process of valuation. Examines fundamental financial concepts and methodologies for the income approach. , looks at market valution principles, income approach to freeholds and leaseholds, investment analysis, and profits based valuations Traces the historial development of the income approach. Concludes with a look at contemporary issues including sustainability, application of mass computerised valuation and artification intelligence and co-working spaces. |
| 520 ## - SUMMARY, ETC. | |
| Summary, etc. | Supersedes 6th ed. ISBN 9780080966908. |
| 521 ## - TARGET AUDIENCE NOTE | |
| Target audience note | Advanced. |
| 650 24 - SUBJECT ADDED ENTRY--TOPICAL TERM | |
| Topical term or geographic name entry element | CAPITALISATION |
| 650 24 - SUBJECT ADDED ENTRY--TOPICAL TERM | |
| Topical term or geographic name entry element | DISCOUNTED CASH FLOW |
| 650 24 - SUBJECT ADDED ENTRY--TOPICAL TERM | |
| Topical term or geographic name entry element | INVESTMENT ANALYSIS |
| 650 24 - SUBJECT ADDED ENTRY--TOPICAL TERM | |
| Topical term or geographic name entry element | VALUATION METHODS |
| 650 24 - SUBJECT ADDED ENTRY--TOPICAL TERM | |
| Topical term or geographic name entry element | RED BOOK |
| 650 24 - SUBJECT ADDED ENTRY--TOPICAL TERM | |
| Topical term or geographic name entry element | Valuation |
| 9 (RLIN) | 6273 |
| 651 #4 - SUBJECT ADDED ENTRY--GEOGRAPHIC NAME | |
| Geographic name | ENGLAND AND WALES |
| 690 ## - LOCAL SUBJECT ADDED ENTRY--TOPICAL TERM (OCLC, RLIN) | |
| Topical term or geographic name as entry element | RATING AND VALUATION |
| 700 1# - ADDED ENTRY--PERSONAL NAME | |
| Personal name | Mackmin, David |
| 700 1# - ADDED ENTRY--PERSONAL NAME | |
| Personal name | Nunnington, Nick |
| 942 ## - ADDED ENTRY ELEMENTS (KOHA) | |
| Suppress in OPAC | 0 |
| Withdrawn status | Lost status | Source of classification or shelving scheme | Damaged status | Not for loan | Home library | Current library | Shelving location | Date acquired | Total Checkouts | Full call number | Barcode | Date last seen | Copy number | Price effective from | Koha item type |
|---|---|---|---|---|---|---|---|---|---|---|---|---|---|---|---|
| Dewey Decimal Classification | London | London | Books | 15/01/2018 | 332.332 BAU | 50014370 | 06/08/2019 | 1 | 06/08/2019 | Book | |||||
| Dewey Decimal Classification | London | London | Books | 11/05/2018 | 332.332 BAU | 30078938 | 06/08/2019 | 2 | 06/08/2019 | Book |